| 000 | 00833nam a2200229Ia 4500 | ||
|---|---|---|---|
| 003 | OSt | ||
| 005 | 20220926022330.0 | ||
| 006 | a|||||r|||| 00| 0 | ||
| 007 | ta | ||
| 008 | 220923b |||||||| |||| 00| 0 eng d | ||
| 037 | _cGeneral Book | ||
| 040 |
_aRTL _cRTL _beng |
||
| 041 |
_2eng _aeng |
||
| 082 | _aVIN45,936:8.N83, M3.5-5 UN | ||
| 110 |
_aUNITED NATIONS, DAG HAMMARSKJOLD LIBRARY,. U.N. BIBLIOGRAPHIC INFORMATION SYSTEM (UNBIS) _9327625 |
||
| 245 | 0 |
_aUnited Nations documents index _bcurrent index. |
|
| 260 |
_aNew York _bUnited Nations publications _c1983 |
||
| 300 |
_axxii,153p _ccm. |
||
| 700 |
_aUNITED NATIONS, DAG HAMMARSKJOLD LIBRARY,. U.N. BIBLIOGRAPHIC INFORMATION SYSTEM (UNBIS) _9327626 |
||
| 942 |
_hVIN45,936:8.N83, M3.5-5 UN _cGB _2CC |
||
| 999 |
_c639184 _d639184 |
||